01579cam a2200385 a 4500999001900000001000800019003000500027005001700032008004100049010001700090020004100107025001500148040001800163042001000181043002100191050002500212082001600237100002300253245006500276250001200341260009000353300004200443440005300485490003200538500017600570504006400746610003300810650002800843651005200871740007000923830004400993906004501037942001201082952009901094 c331724d3317243030638NUST20171019103819.0941013s1993 pk b 001 0 eng  a 94930057  a9694150337 :cRs150.00 ($22.00 U.S.) aP-E-027809 aDLCcDLCdDLC alcode aa-pk---aa-ii---00aDS480.45b.H338 1993 a954.03bNOO1 aHaq, Noor ul9552210aMaking of Pakistan, the military perspective /cNoor ul Haq. a1st ed. aIslamabad, Pakistan :bNational Institute of Historical and Cultural Research,c1993. axix, 332 p. :bmap (folded) ;c23 cm. 0aHistorical studies (Pakistan) series ;v11955231 aNIHCR publication ;vno. 81 aOriginally presented as the author's thesis (Ph. D.--Quaid-i-Azam University, Islamabad) under the title: Political and military perspectives of the struggle for Pakistan. aIncludes bibliographical references (p. 303-317) and index.10aIndia.bArmyxHistory.95524 0aPakistan movement.9203 0aIndiaxPolitics and governmenty1919-1947.92050 aPolitical and military perspectives of the struggle for Pakistan. 0aN.I.H.C.R. publication ;vno. 81.95525 a7bcbccorigoded3encipf19gy-gencatlg 2ddccBK 00102ddc4070aCLbCLcCARTd2017-10-19l0o954.7 NOOpCL2432r2017-10-19t1w2017-10-19yBK